1459 1378 1447 1778 1217 1533 1871 1492 1844 1218 1694 1202 1538 1871 1960 1173 1617 1483 1328 1102 1197 1892 1115 1188 1830 1572 1036 1225 1960 1790 1777 1338 1513 1458 1081 1387 1196 1347 1664 1271 1943 1015 1618 1553 1338 1497 1305 1510 1656 1660 1529 1016 1326 1036 1901 1483 1152 1823 1740 1347 1718 1193 1679 1841 1671 1072 1548 1924 1453 1865 1269 1197 1846 1191 1394 1665 1383 1134 1561 1397 1476 1431 1558 1900 1316 1365 1111 1005 1582 1543 1736 1088 1065 1180 1198 1859 1046 1699 1646 BCNSPRNW ULIB Ver.6.0+V

เปลี่ยนเป็นภาษาไทย

Change to English
 แสดงรายละเอียดบรรณานุกรม
  กลับหน้าหลัก

Brief Record : Get Marc (ISO 2709) : E-mail record : QR code < ปิดหน้าต่าง
LEADER : 00000nam 2200000uu 4500
001    13399110234
003     ULIB
008    110405s2548||||th 000 0 tha d
020    9745063495
060  4 WB460^bศ244ว 2548
100 0  วรุณวรรณ ผาโคตร
245 00 ศัพท์อนามัยและครอบครัวและจิตเวชปฏิบัติ บุลากรสาธารณสุข แพทย์และพยาบาล=^bVocabulary in sport science and physical therapy /^c[บรรณาธิการ] วรุณวรรณ ผาโคตร, สิรินาถ นุชนาถ, ธาดา วิมลวัตรเวที
250    พิมพ์ครั้งที่ 1
260    กรุงเทพฯ ^bเค.เอส.พี.การพิมพ์,^c2548
300    436 หน้า :^bภาพประกอบ
500    ชื่อเรื่องจากปกนอก
650  7 อนามัยและครอบครัว^xคำศัพท์
650  7 จิตเวชปฏิบัติ^xคำศัพท์
700 0  สิรินาถ นุชนาถ,^eบรรณาธิการ
700 0  ธาดา วิมลวัตรเวที^eบรรณาธิการ
945    ^p199^l0^i018995
995    ทศพร
999 ^a ใช้งานได้ทุกระบบ
รายการนี้ยังไม่มีแท็ก
คุณยังไม่ได้ล็อกอิน คุณสามารถมีกิจกรรมร่วมกับเว็บไซต์ได้ แต่ต้องล็อกอินก่อน ::
  ล็อกอิน

รายการสื่อสารสนเทศ

ลำดับที่ ประเภท เลขเรียก/บาร์โค้ด สถานที่ สถานะ
1. วิทยาศาสตร์การแพทย์ และสุขภาพ
วิทยาศาสตร์การแพทย์ และสุขภาพ
สถานะ=หนังสือเก่า
WB460 ศ244ว 2548 ฉ.2 
  Barcode: 018995
ห้องสมุดวิทยาเขตสวรรค์ประชารักษ์
►ส่วนจัดเก็บหนังสือเก่า สปร
บนชั้น
  ขอยืม

รายการใกล้เคียง
    ผู้แต่ง [วรุณวรรณ ผาโคตร]

BibComment


ยังไม่เคยถูกคอมเมนท์

คอมเมนท์ทรัพยากรรายการนี้
  คอมเมนท์: ศัพท์อนามัยและครอ..


 Copyright 2026. Bcnsprnw @Library